000 00298nam a22001337a 4500
008 170906b xxu||||| |||| 00| 0 eng d
020 _a9781590703472
041 _aeng
080 _a72
100 _a41
101 _aARK
245 _aPRINT READING FOR CONSTRUCTION
_cBROWN,W.C
942 _2udc
_cBK
999 _c26319
_d26319